Finanzwirtschaft für Fortgeschrittene

Guardado en:
Detalles Bibliográficos
Autor principal: Fischer, Edwin O.
Formato: Libro
Lenguaje:alemán
Publicado: München Oldenbourg 1996
Edición:1. Aufl.
Colección:Lehr- und Handbücher zur entscheidungsorientierten Betriebswirtschaft
Materias:
Etiquetas: Agregar Etiqueta
Sin Etiquetas, Sea el primero en etiquetar este registro!

MARC

LEADER 00000nam a2200000 4500
001 c017657
005 20221205125211.1
020 |a 3-486-23727-6 
041 0 |a ger 
044 |a DE 
245 1 0 |a Finanzwirtschaft für Fortgeschrittene  |c Edwin O. Fischer 
250 |a 1. Aufl. 
264 1 |a München  |b Oldenbourg  |c 1996 
300 |a 268 s. 
490 1 |a Lehr- und Handbücher zur entscheidungsorientierten Betriebswirtschaft 
830 0 |a Lehr- und Handbücher zur entscheidungsorientierten Betriebswirtschaft 
610 2 0 |a financie 
610 2 0 |a veda ekonomická 
610 2 0 |a veda finančná 
610 2 0 |a investície 
610 2 0 |a rozhodovanie 
610 2 0 |a kapitál 
610 2 0 |a portfólio 
610 2 0 |a teória trhu 
610 2 0 |a modely 
610 2 0 |a plánovanie 
610 2 0 |a plánovanie finančné 
610 2 0 |a riziko 
610 2 0 |a kalkulácia 
610 2 0 |a dividendy 
610 2 0 |a metódy ekonomicko-matematické 
100 1 |a Fischer, Edwin O.